Ensayo sobre el gobierno civil /
John Locke (1632-1704), filósofo inglés. Sus ensayos sobre el gobierno civil se dividen en dos tratados en los que aborda por un lado una crítica contra el absolutismo de Robert Filmer, y por otro, un estudio sobre el gobierno. La presente obra se refiere al segundo, donde esboza su teoría liberal d...
Gardado en:
| Autor Principal: | |
|---|---|
| Outros autores: | |
| Formato: | Libro |
| Idioma: | Lingua castelá |
| Publicado: |
México :
Porrúa,
2008, c2008
|
| Edición: | 5a edición |
| Series: | (Sepan Cuántos ;
671) |
| Temas: | |
| Etiquetas: |
Sen Etiquetas, Sexa o primeiro en etiquetar este rexistro!
|
MARC
| LEADER | 00000nam^a2200000^a^4500 | ||
|---|---|---|---|
| 001 | 000302486 | ||
| 005 | 20250521000000.0 | ||
| 009 | 20260310112614.887 | ||
| 020 | |a 978-970-07-5614-9 | ||
| 037 | |a Acervo ITESO - Biblioteca | ||
| 041 | |a ESP | ||
| 082 | |a 082. |b POR V. 671 | ||
| 100 | |a Locke, John |e (autor) | ||
| 240 | 1 | 1 | |a [Ensayos sobre el gobierno civil] |
| 245 | 1 | 0 | |a Ensayo sobre el gobierno civil / |c J. Locke ; tr. por A. Carlini. |
| 250 | |a 5a edición | ||
| 264 | 4 | |a México : |b Porrúa, |c 2008, c2008 | |
| 300 | |a XXI, 159 p. | ||
| 336 | |a texto |b txt |2 rdacontenido | ||
| 337 | |a sin mediación |b n |2 rdamedio | ||
| 338 | |a volumen |b nc |2 rdasoporte | ||
| 440 | 1 | |a (Sepan Cuántos ; |v 671) | |
| 520 | |a John Locke (1632-1704), filósofo inglés. Sus ensayos sobre el gobierno civil se dividen en dos tratados en los que aborda por un lado una crítica contra el absolutismo de Robert Filmer, y por otro, un estudio sobre el gobierno. La presente obra se refiere al segundo, donde esboza su teoría liberal del Estado. Plantea que el gobierno debe ejercitarse con el consentimiento de los gobernados, pues el primero es creación del pueblo, y por tal éste tiene que sostenerlo para su propio bien. Fundamenta su doctrina en el contrato social y en la ley de la naturaleza, consistente en que cada uno es libre y dueño de los frutos de su trabajo. Locke, crítico de los estados absolutos, planteaba una monarquía constitucional con un poder moderado en el parlamento. | ||
| 649 | |a XX | ||
| 650 | |a Estado, El - |x Teoría | ||
| 650 | |a Filosofía Política | ||
| 650 | |a Empirismo | ||
| 650 | |a Filosofía Moderna | ||
| 650 | |a Filosofía Inglesa | ||
| 700 | |a Carlini, Armando |e (traducción) | ||
| 910 | |a Fondo General | ||
| 920 | |a Impresos - Libros | ||
| 930 | |a Colección General | ||
| 940 | |a Literatura | ||
| 905 | |a 101 | ||
| 901 | |a 0500188817 |b IT1 |c LIT |i C120765 |u 20250521 | ||
| 902 | |a https://opac.biblio.iteso.mx/vufind/Record/000302486 | ||